00381nam a2200169Ia 4500008004000000082001600040100001600056245004500072260002100117300000800138650001300146650000800159650001300167650001300180650000900193650000900202210210b1972 xxu||||| |||| 00| 0 eng d a820.43 DESS aDe (Shobha) aShooting from the hip: selected writings aN DbUBSPDc1972 a318 awritings athe aShooting aselected ahip: afrom